Ekonomický účet za poľnohospodárstvo v roku 2005

Saved in:
Bibliographic Details
Format: Book
Language:Slovak
English
Published: Bratislava Štatistický úrad Slovenskej republiky 2006
Series:Pôdohospodárstvo a životné prostredie
Subjects:
Tags: Add Tag
No Tags, Be the first to tag this record!

MARC

LEADER 00000nam$a2200000$$$4500
001 0052342
005 20251008083214.9
041 0 |a slo 
041 0 |a eng 
044 |a SK 
245 1 0 |a Ekonomický účet za poľnohospodárstvo v roku 2005 
264 1 |a Bratislava  |b Štatistický úrad Slovenskej republiky  |c 2006 
300 |a 67 s. 
490 1 |a Pôdohospodárstvo a životné prostredie 
830 0 |a Pôdohospodárstvo a životné prostredie 
610 2 0 |a poľnohospodárstvo 
610 2 0 |a ceny bežné 
610 2 0 |a medzispotreba 
610 2 0 |a výrobky poľnohospodárske 
610 2 0 |a výroba živočíšna 
610 2 0 |a Slovensko